Statistics for Countries in the Byzantine Empire

Click here to take the quiz!

General Stats

  • This quiz has been taken 21,394 times
    (12,345 since last reset)
  • The average score is 32 of 37

Answer Stats

PercentCountry% Correct
~85%Turkey
98%
100%Greece
97%
~95%Italy
97%
~60%Egypt
94%
100%Israel
92%
100%Bulgaria
92%
~30%Spain
92%
~8%France
92%
~80%Serbia
91%
~20%Romania
91%
100%Albania
90%
~50%Syria
90%
~65%Croatia
90%
~20%Libya
88%
~10%Algeria
88%
100%North Macedonia
88%
~85%Tunisia
87%
~25%Slovenia
87%
100%Bosnia and Herzegovina
87%
100%Lebanon
86%
~15%Morocco
86%
~1%Russia
86%
100%Montenegro
85%
100%Cyprus
85%
~40%Jordan
85%
100%Kosovo
84%
~1%Austria
84%
~10%Portugal
83%
~1%Ukraine
82%
~2%Saudi Arabia
81%
100%Malta
79%
100%Vatican City
79%
100%San Marino
78%
~15%Switzerland
78%
~5%Georgia
77%
100%Monaco
71%
100%Liechtenstein
61%

Score Distribution

Percentile by Number Answered

Percent of People with Each Score

Your Score History

You have not taken this quiz since the last reset